| 000 | 01003cam a2200205 4500 | ||
|---|---|---|---|
| 001 | 21374 | ||
| 005 | 20230411085951.0 | ||
| 008 | 060907n2004 sp spa | ||
| 020 | _a8484171612 | ||
| 035 | _9funglode21533 | ||
| 041 | _aspa | ||
| 650 | 0 | 0 |
_aHV 343 _bG943 2004 |
| 245 | 0 | 0 | _aGuía laboral y de asuntos sociales 2004 |
| 260 |
_aMadrid : _bMinisterio de Trabajo y Asuntos Sociales, _c2004 |
||
| 300 | _a768 p. | ||
| 520 | _aEmpleo, fomento del empleo, formacion ocupacional, contratacion, relaciones laborales, negociacion colectiva, prestaciones por desempleo, cotizacion a la seguridad social, pensiones de la seguridad Social, actuaciones dirigidas al menor y la familia, actuaciones dirigidas a la juventud, actuaciones dirigidas a la mujer, actuaciones dirigidas a personas mayores, actuaciones dirigidas a los discapacitados, actuaciones dirigidas a colectivos desfavorecidos | ||
| 650 | 0 |
_aSocial service _zSpain. |
|
| 653 |
_aServicios sociales _aEspaña |
||
| 942 |
_2lcc _cbk |
||
| 999 |
_c110171 _d110171 |
||